Statistics for Historiske personer fra WWI (Bilder)

Click here to take the quiz!

General Stats

  • This quiz has been taken 229 times
  • The average score is 6 of 9

Answer Stats

Answer% Correct
Franz Ferdinand
85%
Vladimir Lenin
80%
Adolf Hitler
70%
Woodrow Wilson
70%
Gavrilo Princip
62%
Kaiser Wilhelm II
61%
Tsar Nikolaj II
61%
King George V
49%
Mustafa Kemal Atatürk
38%

Score Distribution

Percentile by Number Answered

Percent of People with Each Score

Your Score History

You have not taken this quiz